| 000 | 00804cam a22002653a 4500 | ||
|---|---|---|---|
| 001 | 25820 | ||
| 003 | PGUSA | ||
| 005 | 20140828083545.0 | ||
| 008 | 080617s2008||||xxu|||||s|||||000 1 eng d | ||
| 040 |
_aPGUSA _beng |
||
| 042 | _adc | ||
| 050 | 4 | _aPS | |
| 100 | 1 |
_aWoodrow, Wilson, _cMrs, _d1870-1935 |
|
| 245 | 1 | 4 |
_aThe Silver Butterfly _h[electronic resource] / _cWilson, Woodrow |
| 260 |
_bProject Gutenberg, _c2008 |
||
| 506 | _aPublic domain in the USA. | ||
| 516 | _aElectronic text | ||
| 653 | _aMystery fiction | ||
| 653 | _aNew York (N.Y.) -- Social life and customs -- Fiction | ||
| 653 | _aSilver mines and mining -- Fiction | ||
| 700 | 1 |
_aChristy, Howard Chandler, _d1873-1952 |
|
| 830 | 0 |
_aProject Gutenberg _v25820 |
|
| 856 | 4 | 0 | _uhttp://www.gutenberg.org/ebooks/25820 |
| 942 | _cEB | ||
| 999 |
_c255075 _d255075 |
||